000 00770nam a2200253Ia 4500
003 OSt
005 20220928125523.0
006 a|||||r|||| 00| 0
007 ta
008 220927b |||||||| |||| 00| 0 eng d
020 _cINR 599.00
024 _a141011
037 _b452, 30/01/2019, Synergy Books India
_cTextual
040 _aSDCL
_cSDCL
_beng
041 _2eng
_aeng
082 _aX:513, Q8 LR
100 _aKamath Vinay
_9469988
245 0 _aTitan
_b Inside India's most successful consumer brand
260 _aNew Delhi
_bHachette Book Publishing
_c2018
300 _axviii,187p.
_ccm.
650 _aReference
942 _hX:513, Q8 LR
_cTEXL
_2CC
999 _c782723
_d782723